000 01462nam a2200421 i 4500
001 56087
003 KOSZ 005
005 20210205140715.0
008 051010s2005 pl a f f |000 0 pol d
020 _a8392091450
040 _cKOSZ 005
_aKOSZ 005
_dKOSZ 005/HR
041 0 _apol
_aeng
_beng
044 _aPOL
046 _k2005
080 _a628.3
080 _a628.4
245 0 0 _aGospodarka odpadami komunalnymi :
_bpraca zbiorowa /
_cpod red. Kazimierza Szymańskiego ; Komitet Chemii Analitycznej PAN.
260 _aKoszalin :
_bWydawnictwo Feniks,
_c2005.
300 _a236 s. :
_bil. ;
_c24 cm.
336 _2rdacontent
_aTekst
_btxt
337 _2rdamedia
_aBez urządzenia pośredniczącego
_bn
338 _2rdacarrier
_aWolumin
_bnc
380 _aKsiążki
380 _aPublikacje naukowe
388 _a2001-
500 _aOpis wg. okł.
504 _aBibliogr. przy art.
546 _aTekst częś. ang.
650 4 _aGospodarka odpadami
650 4 _aOdpady
650 4 _aOsady ściekowe
658 _aInżynieria i technika
700 1 _aSzymański, Kazimierz
_c(ochrona środowiska)
_eRedakcja
700 1 _aSidełko, Robert
_eRedakcja
856 _uhttp://koha.tu.koszalin.pl/cgi-bin/koha/opac-detail.pl?biblionumber=56087
_yKatalog online BPK
856 _uhttp://dlibra.tu.koszalin.pl/dlibra/docmetadata?id=626&from=&dirids=1&ver_id=&lp=1&QI=
_yBiblioteka Cyfrowa
942 _cKS
_2UKD
999 _c56087
_d56087